| 000 | 00533nam a2200133 a 4500 | ||
|---|---|---|---|
| 001 | 000038900 | ||
| 005 | 20201002031419.0 | ||
| 008 | 130502s2004 dr a 000 0 spa d | ||
| 040 |
_aDO-SdBNP _bspa _cBNPHU |
||
| 100 | 1 |
_aPércival Peña, Rafael _965168 |
|
| 245 | 1 | 0 |
_aSoluciones al desgaste de nuestra aviación : _bestrategia de crear el centro de capacitación aeronáutico y el impacto del desgaste de la aviación dominicana / _cRafael Pércival Peña. |
| 260 |
_aSanto Domingo : _bMente, _c2004. |
||
| 300 |
_a161 p. : _bil. ; _c21 cm. |
||
| 999 |
_c38390 _d38390 |
||